000 00653cam a2200241 4500500
005 20260405003140.0
041 _afre
042 _adc
100 1 0 _ade Oliveira, Victorine
_eauthor
245 0 0 _aLe moi au scalpel
260 _c2020.
500 _a60
690 _aAmour-propre
690 _aCioran
690 _aDescartes
690 _aLacan
690 _aMoi
690 _aNarcissisme
690 _aNietzsche
690 _aVanité
786 0 _nPhilosophie magazine | 143 | 10 | 2020-10-01 | p. 47-50 | 1951-1787
856 4 1 _uhttps://shs.cairn.info/magazine-philosophie-magazine-2020-10-page-47?lang=fr&redirect-ssocas=7080
999 _c2064821
_d2064821